LIBRARY & INFORMATION CENTRE, KCAET, TAVANUR

ONLINE PUBLIC ACCESS CATALOGUE (OPAC)

Sidney`s appologie for poetrie / (Record no. 8592)

MARC details
000 -LEADER
fixed length control field 00405cam a2200157ua 4500
041 ## - LANGUAGE CODE
Language code of text/sound track or separate title eng
082 ## - DEWEY DECIMAL CLASSIFICATION NUMBER
Classification number 828.09
Item number CHU/SI
100 ## - MAIN ENTRY--AUTHOR NAME
Personal name Churton collins, J .
245 ## - TITLE STATEMENT
Title Sidney`s appologie for poetrie /
250 ## - EDITION STATEMENT
Edition statement 1 /
260 ## - PUBLICATION, DISTRIBUTION, ETC. (IMPRINT)
Place of publication London :
Name of publisher Oxford University Press ,
Year of publication 1967.
300 ## - PHYSICAL DESCRIPTION
Number of Pages 111 ; .
942 ## - ADDED ENTRY ELEMENTS (KOHA)
Koha item type Books
Holdings
Withdrawn status Lost status Damaged status Home library Current library Date acquired Cost, normal purchase price Full call number Accession Number Koha item type Public note
Withdrawn     KAUAET Sanskrit University 07/04/2012 6.00 828.09 6587 Books Transferred to Sanskrit University
free website counter